সুবর্ণ সমিধ। (Record no. 4622)
[ view plain ]
| 000 -LEADER | |
|---|---|
| fixed length control field | 00573nam a2200145Ia 4500 |
| 008 - FIXED-LENGTH DATA ELEMENTS--GENERAL INFORMATION | |
| fixed length control field | 151213s9999 xx 000 0 und d |
| 100 ## - MAIN ENTRY--PERSONAL NAME | |
| Personal name | ড. শহীদ ইকবাল। |
| 245 ## - TITLE STATEMENT | |
| Title | সুবর্ণ সমিধ। |
| Statement of responsibility, etc. | ড. শহীদ ইকবাল। |
| 260 ## - PUBLICATION, DISTRIBUTION, ETC. (IMPRINT) | |
| Place of publication, distribution, etc. | রাজসাহী। |
| Name of publisher, distributor, etc. | অনিক মাহমুদ পঞ্চাশৎ জয়ন্তী পরিষদ। |
| Date of publication, distribution, etc. | 2007 / 8 |
| 300 ## - PHYSICAL DESCRIPTION | |
| Extent | 8837 p. |
| 650 ## - SUBJECT ADDED ENTRY--TOPICAL TERM | |
| Topical term or geographic name as entry element | Bangla |
| 650 ## - SUBJECT ADDED ENTRY--TOPICAL TERM | |
| Topical term or geographic name as entry element | জীব্নী গ্রন্থ। |
| 700 ## - ADDED ENTRY--PERSONAL NAME | |
| Personal name | ড. শহীদ ইকবাল। |
No items available.
